| 000 | 00966nas a2200313 4500 | ||
|---|---|---|---|
| 001 | BR2020000236 | ||
| 003 | BR-BrBNA | ||
| 005 | 20231205132042.0 | ||
| 007 | ta | ||
| 008 | 230509b bl.|||p| |||| 00| 00por d | ||
| 040 |
_aBR-BrBNA _bpor _cBiblioteca Nacional de Agricultura |
||
| 041 | _a(En) | ||
| 072 | _aF02 | ||
| 100 | 1 | _aGavilan, N.H. | |
| 100 | 1 | _aFurlan, F.C. | |
| 100 | 1 | _aZorz, A.Z. | |
| 100 | 1 | _aOliveira, L.S. de | |
| 100 | 1 | _aCampos, W.F. | |
| 100 | 1 | _aBrondani, G.E. | |
| 245 | 1 | _aChemical sterilization of culture medium for in vitro multiplication of Cochlospermum regium | |
| 650 | _aPLANTA MEDICINAL | ||
| 650 | _aCULTURA IN VITRO | ||
| 650 | _aCLORO ATIVO | ||
| 650 | _aCERRADO | ||
| 773 | 0 |
_tCiência Rural (Brazil) _xISSN 1678-4596 _g(2018), v. 48(9) p. 1-7 _wBR2020000236 |
|
| 856 | 4 | 0 | _uhttp://www.scielo.br/pdf/cr/v48n9/1678-4596-cr-48-09-e20170581.pdf |
| 909 |
_a202311 _bLúcia _c55 _dLúcia Elande |
||
| 942 |
_2AGRIS _n0 _cANA |
||
| 999 |
_c258207 _d258207 |
||